000 00323nam a22001337a 4500
008 170629b xxu||||| |||| 00| 0 eng d
020 _a9780312467548
041 _aeng
080 _22ND
_a82
100 _a22
101 _aGJL
245 _aTHE BEDFORD GLOSSARY OF CRITICAL AND LITERARY TERMS
_cMURFIN,R
942 _2udc
_cBK
999 _c19462
_d19462